000 01868cam a22004934i 4500
003 PE-LiUPU
005 20250731165604.0
008 150706s r 000 0 d
020 _a9972601188
035 _a(Sirsi) i9789972601187
040 _aPE-LiUPU
_bspa
_cPE-LiUPU
_erda
049 _aPRUA
082 0 4 _a025.171
_bM42
_221
100 1 _aMendoza Navarro, Aída Luz,
_eautor.
245 1 0 _aApuntes para el estudio de la selección documental /
_cAída Luz Mendoza Navarro.
264 1 _aLima :
_bBiblioteca Nacional del Perú,
_c1977.
300 _a218 páginas ;
_c21 centímetros
336 _atext
_2rdacontent
337 _aunmediated
_2rdamedia
338 _avolume
_2rdacarrier
505 0 _aElementos de introducción -- Selección documental -- Valores de los documentos -- Valor informativo en los documentos -- Prescripciones legales y selección documental -- Programa de control de documentos -- Transferencia y eliminación de documentos -- El microfilme -- El documento informático.
526 _aSEG44
526 _aSEG26
526 _aP151
526 _aP150
526 _aP149
526 _aP146
526 _aP145
526 _aP126
526 _aP125
526 _aP92
526 _aP75
526 _aP74
526 _aP27
526 _aP15
650 1 4 _aArchivística.
910 _blch
_clch
_d20090518
942 _2ddc
_cBOOK
949 _a025.171 M42
_wDEWEY
_c1
_i59561
_lCCODEBUL1
_mBUL
_p9.00
_r0
_sY
_tBOOK
_u2015-7-6
_xEDUCACION
_zUNKNOWN
_0COMPRA
_o.STAFF. Colección General
994 _aC0
_bPEPRU
596 _a1
999 _a025.171 M42
_wDEWEY
_c49120
_i59561
_f2021-11-4
_g5
_lCCODEBUL1
_mBUL
_p9.00
_r0
_sY
_tBOOK
_u2015-7-6
_xBIBLIOTECA
_zUNKNOWN
_0COMPRA
_o.STAFF. Colección General
_d49120
980 _81
_gALBERTO SANCHEZ Responsable de Automatización